000 01278cam a22003251 4500
001 sa 66001427
003 DLC
005 20260227112222.0
008 900828s1964 ii b 001 0 prao
010 _asa 66001427
035 _a(OCoLC)22286971
040 _aDLC
_cWaU
_dDLC
041 0 _apraenghinsan
050 0 0 _aBL1316.K85
_bP7 1964
100 0 _aKundakunda.
245 1 0 _aPravacanasāraḥ.
260 _c[1964]
300 _a32, 130, 444 p.
_c25 cm.
500 _aAdded t. p. in English.
500 _aIncludes commentaries by Amr̥tacandra, Jayaṣena and Hemarāja.
500 _aEnglish and Prakrit; commentaries in Sanskirt or Hindi; pref., contents, introd., critical apparatus and index in English.
500 _aThe introduction to this work, along with other papers, was submitted by the editor for the D. Litt degree, Bombay University, 1939.
504 _aBibliographical footnotes.
600 0 0 _aKundakunda.
_tPravacanasāraḥ.
700 1 _aUpādhye, Ā. Ne.
_q(Ādinātha Neminātha),
_d1906-1975.
700 0 _aAmr̥tacandra,
_dactive 10th century.
_tTattvadīpikā.
700 0 _aJayasena,
_dactive 12th century.
_tTātparyavr̥tti.
700 1 _aPāṇḍe, Hemarāja,
_dactive 1653-1668.
_tBālabodhinī.
740 0 _aPravayaṇasāra.
999 _c67803
_d67803